Southville International School and Colleges
Your cart is empty.
  • Cart
  • Lists
    Public lists list_1 View all
    Your lists Log in to create your own lists
  • Log in to your account
  • Your cookies
  • Search history
Southville International School and Colleges
  • Advanced search
  • Recent comments
  • Most popular
  • Libraries

Log in to your account

Log in with GOOGLE


If you do not have an external account, but do have a local account, you can still log in:

  1. Home
  2. MARC view: Research methodology in tourism /
Normal view MARC view ISBD view

Research methodology in tourism / (Record no. 356628)

[ view plain ]
MARC details
000 -LEADER
fixed length control field 00544nam a2200217Ia 4500
008 - FIXED-LENGTH DATA ELEMENTS--GENERAL INFORMATION
fixed length control field 180523s9999 xx 000 0 und d
020 ## - INTERNATIONAL STANDARD BOOK NUMBER
International Standard Book Number 81-8376-058-9
050 ## - LIBRARY OF CONGRESS CALL NUMBER
Classification number MAIN G 155.7
050 ## - LIBRARY OF CONGRESS CALL NUMBER
Item number .D37 2006
100 ## - MAIN ENTRY--PERSONAL NAME
Personal name Das, S. Kumar.
245 #0 - TITLE STATEMENT
Title Research methodology in tourism /
245 #0 - TITLE STATEMENT
Statement of responsibility, etc S. Kumar Das.
260 ## - PUBLICATION, DISTRIBUTION, ETC. (IMPRINT)
Place of publication, distribution, etc India :
260 ## - PUBLICATION, DISTRIBUTION, ETC. (IMPRINT)
Name of publisher, distributor, etc ABD Publishers,
260 ## - PUBLICATION, DISTRIBUTION, ETC. (IMPRINT)
Date of publication, distribution, etc 2006
300 ## - PHYSICAL DESCRIPTION
Extent 346 pages :
300 ## - PHYSICAL DESCRIPTION
Dimensions 22 cm.
500 ## - GENERAL NOTE
General note Includes index.
650 ## - SUBJECT ADDED ENTRY--TOPICAL TERM
Topical term or geographic name as entry element Tourism -- Research.
650 ## - SUBJECT ADDED ENTRY--TOPICAL TERM
General subdivision Research -- Methodology.
Holdings
Withdrawn status Lost status Damaged status Home library Current library Shelving location Date acquired Total Checkouts Full call number Barcode Date last seen Price effective from Koha item type
      South Mansfield College South Mansfield College   06/16/2006   MAIN G 155.7 .D37 2006 SMC05196 05/23/2018 05/23/2018  

Research methodology in tourism /

APA

Das S. K., .Research methodology in tourism. India: .

Chicago

Das S Kumar, .Research methodology in tourism. India: .

Harvard

Das S. K., .Research methodology in tourism. India: .

MLA

Das S Kumar, .India: . .

  • Place hold
  • Print
  • Cite
  • Add to your cart (remove)
  • Save record
    BIBTEX Dublin Core MARCXML MARC (non-Unicode/MARC-8) MARC (Unicode/UTF-8) MARC (Unicode/UTF-8, Standard) MODS (XML) RIS
  • More searches
    Search for this title in:
    Other Libraries (WorldCat) Other Databases (Google Scholar) Online Stores (Bookfinder.com) Open Library (openlibrary.org)

Exporting to Dublin Core...

SOUTHVILLE LIBRARY

Southville International School and Colleges Library

1281 Tropical Ave. Cor. Luxembourg St., BF Homes International, Las Pinas City

Tel. No. 8256374 / 252358 Loc. 117/146

Powered by Koha